University Home | Library Home | Institutional Repository

En de secretes noces. (Record no. 80068)

MARC details
000 -LEADER
fixed length control field 00559cam4a220019300 4500
001 - CONTROL NUMBER
control field tmp15345929
003 - CONTROL NUMBER IDENTIFIER
control field UPRA
005 - DATE AND TIME OF LATEST TRANSACTION
control field 20190816085100.0
008 - FIXED-LENGTH DATA ELEMENTS--GENERAL INFORMATION
fixed length control field 950801c19661953fr fre u
035 ## - SYSTEM CONTROL NUMBER
System control number (Sirsi) r124118
035 ## - SYSTEM CONTROL NUMBER
System control number (UPRA)tmp15345929
040 ## - CATALOGING SOURCE
Transcribing agency UPRA
100 1# - MAIN ENTRY--PERSONAL NAME
Personal name Marceau, Felicien, 1913-
Dates associated with a name Marceau, Felicien, 1913-
Linkage A92243.1
245 10 - TITLE STATEMENT
Title En de secretes noces.
260 ## - PUBLICATION, DISTRIBUTION, ETC.
Place of publication, distribution, etc. [Paris] :
Name of publisher, distributor, etc. Calmann-Levy,
Date of publication, distribution, etc. [1966], c1953.
440 #0 - SERIES STATEMENT/ADDED ENTRY--TITLE
Title Livre de poche
Linkage S322.1
949 ## - LOCAL PROCESSING INFORMATION (OCLC)
a PQ2625.A754
w lcc
i -178338
m MAIN
t BOOK
l ON-SHELF

No items available.

© 2026 - The University of Zambia Library - Koha v25.11